000 01251cam a2200349 a 4500
001 4912
003 BD-RjUL
005 20211208233957.0
008 131223s1994 dcua s i000 0 eng
020 _a0821328603
035 _a(BD-RjUL)4947
040 _aDLC
_beng
_cDLC
_dDLC
_dLC
_dBD-RjUL
041 _aeng
082 0 0 _a333.79
_220
_bMAS 1994
100 1 _aMalhotra, Anil K.,
_d1939-
_915485
245 1 2 _aA survey of Asia's energy prices /
_cAnil K. Malhotra, Olivier Koenig, and Prasert Sinsukprasert.
260 _aWashington, D.C. :
_bWorld Bank,
_cc1994.
300 _avii, 184 p. :
_bill. ;
_c27 cm.
490 1 _aWorld Bank technical paper,
_vno. 248. Asia Technical Department series
650 0 _aElectric utilities
_xRates
_zAsia
_xStatistics.
_915486
650 0 _aPetroleum products
_xPrices
_zAsia
_xStatistics.
_915487
650 0 _aFuel
_xPrices
_zAsia
_xStatistics.
_915488
830 0 _vno. 248.
_915503
700 1 _aKoenig, Olivier,
_d1946-
_915490
700 1 _aSinsukprasert, Prasert,
_d1966-
_915491
830 0 _aWorld Bank technical paper.
_915504
830 0 _aWorld Bank technical paper ;
_915505
942 _2ddc
_cBK
999 _c4912
_d4912